Hearings before the subcommittee on telecommunications and fiaance of the committee on energy and commerce house of representatives one hundredth congress
Сохранить в:
| Формат: | |
|---|---|
| Язык: | Undetermined |
| Опубликовано: |
Washington
U.S. Government Printing Office
1989
|
| Предметы: | |
| Метки: |
Добавить метку
Нет меток, Требуется 1-ая метка записи!
|
| Thư viện lưu trữ: | Trung tâm Học liệu Trường Đại học Cần Thơ |
|---|
| LEADER | 00565nam a2200157Ia 4500 | ||
|---|---|---|---|
| 001 | CTU_81097 | ||
| 008 | 210402s9999 xx 000 0 und d | ||
| 082 | |a 384 | ||
| 082 | |b H435 | ||
| 245 | 0 | |a Hearings before the subcommittee on telecommunications and fiaance of the committee on energy and commerce house of representatives one hundredth congress | |
| 260 | |a Washington | ||
| 260 | |b U.S. Government Printing Office | ||
| 260 | |c 1989 | ||
| 650 | |a Fianance,Telecommunication | ||
| 904 | |i Trọng Hải | ||
| 980 | |a Trung tâm Học liệu Trường Đại học Cần Thơ | ||